[Event "British Chess Championships 2023: U12 Championship"]
[Site "The Venue, De Montfort University, 20 Western Boulevard, Leicester, LE2 7BU"]
[Date "2023.07.27"]
[Round "4"]
[Board "25"]
[White "Walsh, Isabella"]
[Black "Lee, Yuk Hei"]
[Result "0-1"]
[WhiteElo "738"]
[BlackElo "1390"]
[PlyCount "126"]
[EventDate "2023.07.25"]
[EventRounds "7"]
[EventCountry "ENG"]

1. e4 e5 2. Nf3 Nc6 3. Bc4 Bc5 4. b4 Bxb4 5. c3 Ba5 6. Qb3 Qe7 7. Ba3 d6 8. O-O Bb6
9. d4 Na5 10. Qb4 Nxc4 11. Qxc4 Be6 12. Qb5+ c6 13. Qb2 Qc7 14. Ng5 Nf6 15. dxe5
dxe5 16. Qd2 Rd8 17. Nxe6 fxe6 18. Qg5 c5 19. c4 O-O 20. Bb2 Nxe4 21. Qg4 Qc6 22.
Bxe5 Nf6 23. Qg3 Qe4 24. Bd6 Rf7 25. Nd2 Qd4 26. Nf3 Qxd6 27. Rad1 Qxg3 28. Rxd8+
Bxd8 29. fxg3 Bc7 30. Ng5 Re7 31. Re1 e5 32. Nf3 Kf7 33. Ng5+ Kg6 34. h4 h6 35. Nf3
e4 36. Nd2 Bxg3 37. Re2 Bxh4 38. Kh2 Bg5 39. Nb3 b6 40. a4 e3 41. a5 bxa5 42. Nxa5
Re4 43. Nc6 Nd7 44. Kg3 Rxc4 45. Kf3 Kf5 46. Na5 Ne5+ 47. Kg3 Rd4 48. Nb3 Rg4+ 49.
Kh3 Nd3 50. Rc2 Re4 51. Nxc5 Nxc5 52. Rxc5+ Re5 53. Rc1 e2 54. Re1 Bd2 55. Rxe2 Rxe2
56. g4+ Kg5 57. Kg3 Bf4+ 58. Kf3 Re3+ 59. Kf2 Kxg4 60. Kg2 Rf3 61. Kh1 Kg3 62. Kg1
Be3+ 63. Kh1 Rf1#  0-1

[Event "British Chess Championships 2023: U12 Championship"]
[Site "The Venue, De Montfort University, 20 Western Boulevard, Leicester, LE2 7BU"]
[Date "2023.07.27"]
[Round "4"]
[Board "26"]
[White "Patel, Diah"]
[Black "Murthy, Arush Ajai"]
[Result "1-0"]
[WhiteElo "1211"]
[BlackElo "1178"]
[PlyCount "35"]
[EventDate "2023.07.25"]
[EventRounds "7"]
[EventCountry "ENG"]

1. e4 e6 2. d4 d5 3. e5 c5 4. Nc3 Nc6 5. Nf3 cxd4 6. Nxd4 Nxe5 7. Bf4 Nc6 8. Ncb5
Kd7 9. Nc7 Rb8 10. Bb5 e5 11. Bxe5 Qe7 12. Qe2 a6 13. Nxa6 Ra8 14. Nc7 Ra7 15. Nxd5
Qc5 16. Qg4+ Kd8 17. Bc7+ Ke8 18. Qxc8#  1-0

[Event "British Chess Championships 2023: U12 Championship"]
[Site "The Venue, De Montfort University, 20 Western Boulevard, Leicester, LE2 7BU"]
[Date "2023.07.27"]
[Round "4"]
[Board "27"]
[White "Shah, Samuel"]
[Black "Calvert, George"]
[Result "0-1"]
[WhiteElo "1074"]
[BlackElo "1345"]
[PlyCount "104"]
[EventDate "2023.07.25"]
[EventRounds "7"]
[EventCountry "ENG"]

1. e4 c5 2. Nf3 Nc6 3. Bb5 Nf6 4. Bxc6 dxc6 5. d3 Bg4 6. h3 Bh5 7. O-O e6 8. Nc3
Be7 9. Be3 O-O 10. Qe2 Qc7 11. Rfe1 Rad8 12. g4 Bg6 13. Rad1 b6 14. Nh4 Bd6 15. Nf3
Qb8 16. Bg5 Be5 17. Nxe5 Qxe5 18. Bxf6 Qxf6 19. Qe3 e5 20. Ne2 h5 21. g5 Qe6 22.
f4 exf4 23. Nxf4 Qe5 24. Nxg6 fxg6 25. Re2 Rf4 26. Rg2 Rdf8 27. Qe2 Rf3 28. Rh2 Qd4+
29. Kh1 Rf2 30. Rxf2 Rxf2 31. Qe1 Rxc2 32. Qg3 Qxb2 33. a4 Rf2 34. Kg1 Re2 35. h4
Qd4+ 36. Kf1 Re3 37. Qb8+ Kh7 38. Qf4 Rxd3 39. Rxd3 Qxd3+ 40. Kf2 Qd4+ 41. Qe3 Qxe3+
42. Kxe3 Kg8 43. e5 Kf7 44. Ke4 Ke6 45. Kf4 b5 46. Ke4 bxa4 47. Kd3 Kxe5 48. Kc4
Kf4 49. Kc3 Kg4 50. Kb2 Kxh4 51. Ka3 Kxg5 52. Kxa4 h4  0-1

[Event "British Chess Championships 2023: U12 Championship"]
[Site "The Venue, De Montfort University, 20 Western Boulevard, Leicester, LE2 7BU"]
[Date "2023.07.27"]
[Round "4"]
[Board "28"]
[White "Konara, Seha"]
[Black "Sandhu, Rohan"]
[Result "1-0"]
[WhiteElo "1218"]
[BlackElo "926"]
[PlyCount "51"]
[EventDate "2023.07.25"]
[EventRounds "7"]
[EventCountry "ENG"]

1. e4 d6 2. d4 Nf6 3. Nc3 g6 4. h3 Bg7 5. Nf3 O-O 6. Bd3 Nbd7 7. Be3 c6 8. O-O e5
9. dxe5 dxe5 10. Nd2 Nh5 11. Qf3 Qc7 12. Ne2 f5 13. exf5 Nb6 14. Bc5 Rf6 15. g4 Nf4
16. Nxf4 exf4 17. Ne4 Rf7 18. Bxb6 axb6 19. Bc4 gxf5 20. Ng5 fxg4 21. Bxf7+ Qxf7
22. hxg4 Qg6 23. Qxf4 Bxb2 24. Rad1 h6 25. Rd8+ Kg7 26. Qf8#  1-0

[Event "British Chess Championships 2023: U12 Championship"]
[Site "The Venue, De Montfort University, 20 Western Boulevard, Leicester, LE2 7BU"]
[Date "2023.07.27"]
[Round "4"]
[Board "29"]
[White "Gullapelly, Kshetragna"]
[Black "Gomez, Hal"]
[Result "0-1"]
[WhiteElo "543"]
[BlackElo "1305"]
[PlyCount "96"]
[EventDate "2023.07.25"]
[EventRounds "7"]
[EventCountry "ENG"]

1. Nf3 d5 2. d4 Nf6 3. Nc3 Bf5 4. e3 e6 5. Bd3 Ne4 6. Bxe4 dxe4 7. Nd2 Bb4 8. O-O
Bxc3 9. bxc3 O-O 10. f3 exf3 11. Qxf3 c6 12. e4 Bg6 13. h3 Qe7 14. Nc4 Nd7 15. Bf4
Qd8 16. Rad1 Nb6 17. Nd6 Qd7 18. c4 Nc8 19. c5 b6 20. Rfe1 Nxd6 21. Bxd6 Rfe8 22.
e5 Bxc2 23. Rd2 Bg6 24. Rf1 b5 25. Kh1 Rac8 26. Kg1 Qd8 27. Kh1 Qg5 28. g3 Qxd2 29.
Rf2 Qxd4 30. Kg2 Be4 31. Kh2 Bxf3 32. Rxf3 Qd2+ 33. Kg1 Qe1+ 34. Kg2 Qe2+ 35. Rf2
Qxf2+ 36. Kxf2 f6 37. exf6 gxf6 38. a3 e5 39. Kf3 e4+ 40. Kf2 e3+ 41. Kg2 e2 42.
a4 e1=Q 43. axb5 Qe2+ 44. Kg1 cxb5 45. g4 b4 46. c6 b3 47. Bb4 b2 48. Bc5 b1=R#  0-1

[Event "British Chess Championships 2023: U12 Championship"]
[Site "The Venue, De Montfort University, 20 Western Boulevard, Leicester, LE2 7BU"]
[Date "2023.07.27"]
[Round "4"]
[Board "30"]
[White "Merchant, Samuel"]
[Black "Burgess, Rose"]
[Result "1-0"]
[WhiteElo "1291"]
[BlackElo "1074"]
[PlyCount "125"]
[EventDate "2023.07.25"]
[EventRounds "7"]
[EventCountry "ENG"]

1. d4 Nf6 2. Nc3 d6 3. e4 g6 4. f4 Bg7 5. Nf3 O-O 6. Bd3 Bg4 7. h3 Bc8 8. Be3 d5
9. e5 Nfd7 10. Qd2 f6 11. Nxd5 Nxe5 12. Nxf6+ exf6 13. dxe5 Nc6 14. exf6 Qxf6 15.
Bc4+ Kh8 16. c3 Be6 17. Bxe6 Qxe6 18. O-O Rad8 19. Qf2 Rf7 20. Ng5 Qe7 21. Bc5 Qf6
22. Nxf7+ Qxf7 23. Kh1 Qf5 24. Rad1 Re8 25. Rfe1 Rg8 26. Re2 Qf7 27. a3 Qb3 28. Rd7
b6 29. Rxc7 bxc5 30. Rxc6 Qd1+ 31. Re1 Qd5 32. Rxc5 Qd6 33. Ra5 a6 34. c4 Bd4 35.
Rd1 Bxf2 36. Rxd6 Be1 37. Rad5 Bg3 38. Rd8 Rxd8 39. Rxd8+ Kg7 40. Ra8 Bxf4 41. Rxa6
Be5 42. b4 Kf7 43. c5 Ke7 44. Rd6 Bxd6 45. cxd6+ Kxd6 46. a4 Kc6 47. b5+ Kb6 48.
Kg1 Ka5 49. Kf2 Kb6 50. Ke3 Ka5 51. Kd4 Kb6 52. Kd5 Kc7 53. Kc5 Kb7 54. b6 Kc8 55.
Kc6 Kb8 56. b7 h5 57. h4 g5 58. hxg5 h4 59. g6 h3 60. gxh3 Ka7 61. Kc7 Ka6 62. b8=Q
Ka5 63. Qb5#  1-0

[Event "British Chess Championships 2023: U12 Championship"]
[Site "The Venue, De Montfort University, 20 Western Boulevard, Leicester, LE2 7BU"]
[Date "2023.07.27"]
[Round "4"]
[Board "31"]
[White "Czarnuch, Dominic"]
[Black "Van Neerven, Yvon"]
[Result "0-1"]
[WhiteElo "1209"]
[BlackElo "1228"]
[PlyCount "102"]
[EventDate "2023.07.25"]
[EventRounds "7"]
[EventCountry "ENG"]

1. Nf3 d5 2. g3 Nf6 3. c3 c5 4. Bg2 Nc6 5. d4 Bf5 6. Bf4 e6 7. e3 h6 8. Be5 Nxe5
9. Nxe5 Nd7 10. Qa4 Be7 11. Nd2 Qc7 12. O-O a6 13. Nxd7 b5 14. Qd1 Qxd7 15. a3 a5
16. dxc5 Bxc5 17. Nb3 Bb6 18. Nd4 Bg6 19. Qe2 Bxd4 20. exd4 Rc8 21. Rac1 O-O 22.
f4 Rfe8 23. Rfe1 Qd6 24. Qe5 Qxe5 25. Rxe5 Bf5 26. Kf2 g6 27. h3 Kg7 28. Bf1 Rb8
29. Re3 h5 30. h4 Rec8 31. b4 axb4 32. axb4 Rc7 33. Bd3 Bxd3 34. Rxd3 Rc4 35. Rd2
Ra8 36. Ke3 Ra3 37. Kd3 f6 38. Rb1 Raxc3+ 39. Ke2 Rxg3 40. Ra2 Rg2+ 41. Kd3 Rxa2
42. Re1 Kf7 43. Rb1 Rh2 44. Ra1 Rh3+ 45. Ke2 Rxb4 46. Ra7+ Ke8 47. Ra8+ Kd7 48. Ra7+
Kc8 49. Ra8+ Kb7 50. Ra1 Rb2+ 51. Kf1 Rh1#  0-1

[Event "British Chess Championships 2023: U12 Championship"]
[Site "The Venue, De Montfort University, 20 Western Boulevard, Leicester, LE2 7BU"]
[Date "2023.07.27"]
[Round "4"]
[Board "32"]
[White "Pannu, Aaron"]
[Black "Ding, Yihua"]
[Result "0-1"]
[WhiteElo "1166"]
[BlackElo "977"]
[PlyCount "148"]
[EventDate "2023.07.25"]
[EventRounds "7"]
[EventCountry "ENG"]

1. e4 e6 2. Nf3 d5 3. exd5 exd5 4. d4 Bf5 5. Nc3 Nf6 6. Bd3 Be6 7. O-O c5 8. Be3
Nbd7 9. dxc5 Bxc5 10. Bxc5 Nxc5 11. Bb5+ Ncd7 12. Re1 O-O 13. Qd4 Nb6 14. Rad1 Nc4
15. Bxc4 dxc4 16. Qc5 Qb6 17. Na4 Qxc5 18. Nxc5 Bd5 19. Nd4 Rac8 20. Na4 Rfe8 21.
Rxe8+ Rxe8 22. Nb5 a6 23. Nc7 Re7 24. Nxd5 Nxd5 25. f3 Nf6 26. Nc5 h6 27. c3 Rc7
28. b4 cxb3 29. Nxb3 Rxc3 30. Rd8+ Kh7 31. Kf2 Rc2+ 32. Kg3 Rxa2 33. Rc8 Nh5+ 34.
Kg4 Kg6 35. Rc5 Rxg2+ 36. Kh3 Nf4+ 37. Kh4 Rxh2+ 38. Kg3 Ne6 39. Kxh2 Nxc5 40. Nxc5
a5 41. Nxb7 a4 42. Nc5 a3 43. Nb3 Kf5 44. Kg3 Ke5 45. Kg4 Kd5 46. Nc1 Kc4 47. Kh5
Kc3 48. Na2+ Kb2 49. Nb4 Kb3 50. Nd3 Kc3 51. Nc1 Kc2 52. Na2 Kb2 53. Nb4 a2 54. Nxa2
Kxa2 55. f4 Kb3 56. f5 Kc4 57. f6 gxf6 58. Kxh6 Kd5 59. Kh5 Ke5 60. Kg4 Ke4 61. Kg3
f5 62. Kg2 Ke3 63. Kg3 f4+ 64. Kg2 Ke2 65. Kg1 f3 66. Kh2 f2 67. Kg3 f1=Q 68. Kg4
Qf6 69. Kg3 Qf5 70. Kg2 Qf4 71. Kg1 Qf3 72. Kh2 Qg4 73. Kh1 Kf2 74. Kh2 Qg2#  0-1

[Event "British Chess Championships 2023: U12 Championship"]
[Site "The Venue, De Montfort University, 20 Western Boulevard, Leicester, LE2 7BU"]
[Date "2023.07.27"]
[Round "4"]
[Board "33"]
[White "Ho, Magus"]
[Black "Ding, Yicheng"]
[Result "0-1"]
[WhiteElo "1071"]
[BlackElo "944"]
[PlyCount "66"]
[EventDate "2023.07.25"]
[EventRounds "7"]
[EventCountry "ENG"]

1. e4 c5 2. Nc3 d6 3. f4 e6 4. Nf3 a6 5. d4 cxd4 6. Qxd4 Nc6 7. Qd1 Nf6 8. Be2 b5
9. a3 Bb7 10. Be3 Ng4 11. Bg1 e5 12. fxe5 Ncxe5 13. Nxe5 Nxe5 14. Qd2 Be7 15. Bd4
Bh4+ 16. g3 Bg5 17. Be3 Bxe3 18. Qxe3 O-O 19. O-O-O Rc8 20. Kb1 f5 21. Rhf1 fxe4
22. Rxf8+ Qxf8 23. Nxe4 d5 24. Nc3 Nc4 25. Qe6+ Kh8 26. Bf3 Qxf3 27. Re1 Qf8 28.
Nxd5 Bxd5 29. Qxd5 Rd8 30. Qe4 Nd2+ 31. Ka2 Nxe4 32. Rxe4 Qf7+ 33. b3 h6  0-1

[Event "British Chess Championships 2023: U12 Championship"]
[Site "The Venue, De Montfort University, 20 Western Boulevard, Leicester, LE2 7BU"]
[Date "2023.07.27"]
[Round "4"]
[Board "34"]
[White "Bedford, Henry"]
[Black "Sun, Bobby"]
[Result "1-0"]
[WhiteElo "1025"]
[BlackElo "853"]
[PlyCount "77"]
[EventDate "2023.07.25"]
[EventRounds "7"]
[EventCountry "ENG"]

1. e4 e5 2. Nf3 Nc6 3. Bc4 Bc5 4. O-O Nf6 5. Re1 O-O 6. c3 Nxe4 7. Rxe4 d5 8. Bxd5
Qxd5 9. Rh4 Be7 10. Ra4 Qe6 11. d4 Bd6 12. dxe5 Nxe5 13. Nxe5 Bxe5 14. Qc2 Bf4 15.
g3 Bd6 16. Rh4 h6 17. Bxh6 gxh6 18. h3 Bd7 19. Rg4+ Kh8 20. Nd2 Qd5 21. Rh4 Qe6 22.
Nf3 Qf5 23. Qd2 h5 24. Qh6+ Kg8 25. Rxh5 Be5 26. Nxe5 Qxh5 27. Qxh5 Rad8 28. Re1
Bc6 29. Qg5+ Kh8 30. Nxf7+ Rxf7 31. Qxd8+ Kg7 32. Qg5+ Kf8 33. Qh6+ Kg8 34. Re5 Rf3
35. Qe6+ Kf8 36. Qe7+ Kg8 37. Rg5+ Kh8 38. Qe5+ Kh7 39. Qg7#  1-0

[Event "British Chess Championships 2023: U12 Championship"]
[Site "The Venue, De Montfort University, 20 Western Boulevard, Leicester, LE2 7BU"]
[Date "2023.07.28"]
[Round "5"]
[Board "1"]
[White "Dairi, Ramsey"]
[Black "Vaidyanathan, Adithya"]
[Result "1-0"]
[WhiteElo "1592"]
[BlackElo "1559"]
[PlyCount "0"]
[EventDate "2023.07.25"]
[EventRounds "7"]
[EventCountry "ENG"]

1. e4 c5 2. Be2 Nc6 3. d3 d5 4. exd5 Qxd5 5. Nf3 a6 6. Nc3 Qd8 7. Be3 e5 8. O-O Nf6
9. Nd2 Be7 10. Nde4 Nxe4 11. Nxe4 b6 12. Bf3 Bb7 13. Ng3 O-O 14. Be4 Na5 15. Qg4
Bxe4 16. dxe4 Kh8 17. Rad1 Qc7 18. Nf5 Bf6 19. Rd6 Rg8 20. Bg5 Bxg5 21. Qxg5 Nc4
22. Rh6 Qd6 23. Rxd6 Nxd6 24. Nxd6 Ra7 25. Qxe5 f6 26. Qe6 Rf8 27. Rd1 h6 28. Nc8
Ra8 29. Nxb6 Rae8 30. Qd6 Rd8 31. Qxd8 Rxd8 32. Rxd8+ Kh7 33. Rd5 Kg6 34. Rxc5 h5
35. Ra5 h4 36. c4 Kf7 37. c5 Ke7 38. Ra4 Kd8 39. Rc4 Kc7 40. c6 Kxb6 41. c7 h3 42.
c8=Q hxg2 43. Qc7+ Kb5 44. Qc6+ Ka5 45. Ra4#  1-0

[Event "British Chess Championships 2023: U12 Championship"]
[Site "The Venue, De Montfort University, 20 Western Boulevard, Leicester, LE2 7BU"]
[Date "2023.07.28"]
[Round "5"]
[Board "2"]
[White "Yu, Rock"]
[Black "Soulier, Alfred"]
[Result "1/2-1/2"]
[WhiteElo "1658"]
[BlackElo "1757"]
[PlyCount "0"]
[EventDate "2023.07.25"]
[EventRounds "7"]
[EventCountry "ENG"]

1. c4 Nf6 2. Nc3 g6 3. g3 Bg7 4. Bg2 O-O 5. e4 d6 6. Nge2 c5 7. O-O Nc6 8. d3 a6
9. h3 Rb8 10. a4 Ne8 11. Be3 b5 12. axb5 axb5 13. Nxb5 Nc7 14. Nxc7 Qxc7 15. Rb1
Rxb2 16. Rxb2 Bxb2 17. Qd2 Bg7 18. Rb1 Bd7 19. Qa2 Nb4 20. Qa3 Bc6 21. d4 Nc2 22.
Qc3 cxd4 23. Bxd4 Nxd4 24. Nxd4 Rb8 25. Rxb8+ Qxb8 26. Qd3 Bd7 27. Nb5 Qc8 28. Kh2
Be6 29. Bf1 Qc5 30. Qe2 Kf8 31. Kg2 Bf6 32. f4 Qc6 33. Kh2 Qc5 34. Kg2 Qc6 35. Kh2
Qc5 36. Kg2  1/2-1/2

[Event "British Chess Championships 2023: U12 Championship"]
[Site "The Venue, De Montfort University, 20 Western Boulevard, Leicester, LE2 7BU"]
[Date "2023.07.28"]
[Round "5"]
[Board "3"]
[White "Nguyen, Anh"]
[Black "Steiners, Emils"]
[Result "0-1"]
[WhiteElo "1664"]
[BlackElo "1725"]
[PlyCount "0"]
[EventDate "2023.07.25"]
[EventRounds "7"]
[EventCountry "ENG"]

1. e4 e6 2. d4 d5 3. Nc3 Bb4 4. e5 c5 5. a3 Bxc3+ 6. bxc3 Ne7 7. Qg4 Qc7 8. Qxg7
Rg8 9. Qxh7 cxd4 10. Ne2 Nbc6 11. f4 dxc3 12. Qd3 d4 13. Nxd4 Nxd4 14. Qxd4 Bd7 15.
Rg1 a6 16. a4 Nf5 17. Qf2 Qc6 18. Bd3 Qd5 19. Be3 Nxe3 20. Qxe3 Rxg2 21. Rxg2 Qxg2
22. Be4 Qxh2 23. O-O-O Bxa4 24. Kb1 Rd8 25. Rg1 Qd2 26. Qc5 Bb3 27. Bd3 Kd7 28. f5
Bd5 29. fxe6+ Bxe6 30. Be4 Qe2 31. Bd3 Qf3 32. Qxc3 Qc6 33. Qb4 Kc7 34. Kb2 Qb6 35.
Qxb6+ Kxb6 36. Kc3 Kc5 37. Re1 b5 38. Ra1 Ra8 39. Rb1 Rb8 40. Ra1 Rb6 41. Be4 Bd5
42. Bxd5 Kxd5 43. Rf1 Rb7 44. Kb4 Kxe5 45. Ka5 f5 46. Kxa6 Rc7 47. Rf2 b4 48. Kb5
Rb7+ 49. Ka4 f4 50. Kb3 Ke4 51. Re2+ Kf3 52. Re8 Rc7 53. Rb8 Rc3+ 54. Kb2 Rc4 55.
Kb3 Rd4 56. c3 bxc3 57. Kxc3 Rd7 58. Rf8 Kg3 59. Rg8 Kf2 60. Rf8 f3 61. Rf6 Kg2 62.
Rg6+ Kf1 63. Rf6 f2 64. Rf5 Rg7 65. Kd2 Kg1 66. Ke2 Re7+ 67. Kd2 f1=Q 68. Rg5+ Kh2
69. Rh5 Kg3 70. Rg5+ Kf4  0-1

[Event "British Chess Championships 2023: U12 Championship"]
[Site "The Venue, De Montfort University, 20 Western Boulevard, Leicester, LE2 7BU"]
[Date "2023.07.28"]
[Round "5"]
[Board "4"]
[White "Catabay, Rezin C"]
[Black "Pereslavtsev, Alexandr"]
[Result "0-1"]
[WhiteElo "1579"]
[BlackElo "1555"]
[PlyCount "0"]
[EventDate "2023.07.25"]
[EventRounds "7"]
[EventCountry "ENG"]

1. c4 e6 2. d4 d5 3. Nc3 Nf6 4. Nf3 Be7 5. e3 c6 6. Be2 O-O 7. Ne5 Nbd7 8. f4 Nxe5
9. fxe5 Nd7 10. O-O f6 11. Bg4 f5 12. Be2 Kh8 13. Bd2 b6 14. cxd5 cxd5 15. Rc1 a6
16. Bd3 Qe8 17. Ne2 g5 18. Rc6 Bd8 19. Ng3 Bb7 20. Rc1 a5 21. Bb5 Ba6 22. Bxa6 Rxa6
23. Rc8 b5 24. b3 Nb6 25. Rc1 a4 26. Bb4 Be7 27. Bc5 Bxc5 28. dxc5 Nd7 29. b4 Rc6
30. Ne2 Nxe5 31. Nd4 Rc8 32. Qe2 Nc4 33. Qd3 Rf6 34. Qc3 Kg7 35. Nf3 g4 36. Ne5 Nxe5
37. Qxe5 Qd7 38. a3 Kf7 39. e4 dxe4 40. Rcd1 Qc7 41. Rd6 Rd8 42. Rfd1 Rxd6 43. Rxd6
Kg6 44. Qc3 e5 45. Rxf6+ Kxf6 46. c6 Ke6 47. Qc5 Qd6 48. Qxb5 e3 49. Qc4+ Kf6 50.
Qe2 Qxc6 51. Qxe3 f4 52. Qd2 Qb6+ 53. Kf1 Qb5+ 54. Qe2 Qxe2+ 55. Kxe2 e4 56. Kf2
Ke5 57. Ke2 Kd4 58. Kf2 f3 59. gxf3 gxf3 60. b5 Kc5 61. Ke3 Kxb5 62. Kf2 Kc4 63.
Ke3 Kc3 64. Kf2 Kd2 65. Kf1 e3 66. Kg1 e2 67. Kf2 e1=Q 68. Kxf3 Qe5 69. h4 Qh5+ 70.
Kg3 Ke3  0-1

[Event "British Chess Championships 2023: U12 Championship"]
[Site "The Venue, De Montfort University, 20 Western Boulevard, Leicester, LE2 7BU"]
[Date "2023.07.28"]
[Round "5"]
[Board "5"]
[White "Kilambi, Venkata Ananth Akshay"]
[Black "Marsden, Rupert"]
[Result "1/2-1/2"]
[WhiteElo "1533"]
[BlackElo "1670"]
[PlyCount "0"]
[EventDate "2023.07.25"]
[EventRounds "7"]
[EventCountry "ENG"]

1. c4 c5 2. Nf3 Nf6 3. d4 cxd4 4. Nxd4 e5 5. Nb5 d5 6. cxd5 Bc5 7. N5c3 O-O 8. Bg5
Bxf2+ 9. Kxf2 Ng4+ 10. Ke1 Qxg5 11. Qd2 Qd8 12. g3 f5 13. e3 f4 14. Nd1 fxe3 15.
Nxe3 Nxe3 16. Qxe3 Qxd5 17. Rg1 Nc6 18. Nc3 Qd4 19. Qxd4 Nxd4 20. Bc4+ Kh8 21. Rg2
Bg4 22. Bd5 Nf3+ 23. Bxf3 Rxf3 24. Rc1 Raf8 25. Rcc2 e4 26. Rgf2 Kg8 27. Kf1 Bh3+
28. Ke1 Bg4 29. Kf1 e3 30. Rxf3 Bxf3 31. Ke1 Rd8 32. Ne2 Kf7 33. Rc3 Bxe2 34. Kxe2
Rd2+ 35. Kxe3 Rxb2 36. a4 Kf6 37. h4 Rb4 38. Rc7 Rxa4 39. Rxb7 Ra5 40. Kf4 h6 41.
Rc7 Ra4+ 42. Kf3 a5 43. Ra7 Ra3+ 44. Kg4 a4 45. Ra6+ Kf7 46. Ra7+ Kg6 47. Ra6+ Kh7
48. Kf5 Rxg3 49. Rxa4 Rg1 50. Kf4 h5 51. Kf3 Kh6 52. Ra2 Rg4 53. Rh2 Kg6 54. Rh1
Kf5 55. Rh2 Ra4 56. Rh1 g6 57. Kg3 Ra3+ 58. Kf2 Kf4 59. Ke2 Kg4 60. Rg1+ Rg3 61.
Rh1 Rg2+ 62. Ke3 Rg3+ 63. Ke2 Rh3 64. Rg1+ Kf5 65. Rf1+ Ke5 66. Rg1 Kf6 67. Rf1+
Ke5 68. Rg1 Kf4 69. Rxg6 Rxh4 70. Kf2 Rg4 71. Rxg4+ hxg4 72. Kg2 g3 73. Kg1  1/2-1/2

[Event "British Chess Championships 2023: U12 Championship"]
[Site "The Venue, De Montfort University, 20 Western Boulevard, Leicester, LE2 7BU"]
[Date "2023.07.28"]
[Round "5"]
[Board "6"]
[White "De Silva, Sithun"]
[Black "Sefton, Adam"]
[Result "1/2-1/2"]
[WhiteElo "1664"]
[BlackElo "1685"]
[PlyCount "0"]
[EventDate "2023.07.25"]
[EventRounds "7"]
[EventCountry "ENG"]

1. e4 e6 2. d4 d5 3. Nc3 Nf6 4. e5 Nfd7 5. f4 c5 6. Nf3 Nc6 7. Be3 cxd4 8. Nxd4 Bc5
9. Qd2 Nxd4 10. Bxd4 a6 11. Qe3 Qb6 12. O-O-O Bxd4 13. Qxd4 Qxd4 14. Rxd4 f6 15.
exf6 Nxf6 16. g3 Kf7 17. Na4 b5 18. Nb6 Rb8 19. Nxc8 Rhxc8 20. Bh3 Rc4 21. Rxc4 bxc4
22. b3 cxb3 23. axb3 Ne4 24. Re1 a5 25. Bg2 Nc5 26. f5 Rb5 27. fxe6+ Nxe6 28. c4
dxc4 29. bxc4 Rb6 30. Bd5 Kf6 31. Kc2 Nc5 32. Rf1+ Ke5 33. Rf7 a4 34. Rxg7 a3 35.
Ra7 Na6 36. c5 Rh6 37. Bc4 Rxh2+ 38. Kc3 Nxc5 39. Rxa3 Ne4+ 40. Kb4 Rh3 41. Ra5+
Kd4 42. Rd5 Ke3 43. g4 Rh4 44. Rh5 Rxh5 45. gxh5  1/2-1/2

[Event "British Chess Championships 2023: U12 Championship"]
[Site "The Venue, De Montfort University, 20 Western Boulevard, Leicester, LE2 7BU"]
[Date "2023.07.28"]
[Round "5"]
[Board "7"]
[White "Walia, Shulin"]
[Black "Kendall, Arthur"]
[Result "1-0"]
[WhiteElo "1825"]
[BlackElo "1438"]
[PlyCount "0"]
[EventDate "2023.07.25"]
[EventRounds "7"]
[EventCountry "ENG"]

1. e4 e6 2. d4 d5 3. Nc3 Nf6 4. Bg5 dxe4 5. Nxe4 Nbd7 6. Nf3 Be7 7. Nxf6+ Nxf6 8.
Bd3 h6 9. Bd2 c5 10. c3 O-O 11. O-O Re8 12. Qc2 b6 13. Rfd1 a6 14. dxc5 Bxc5 15.
b4 Bd6 16. Be4 Nxe4 17. Qxe4 Bd7 18. Bxh6 Bxh2+ 19. Kxh2 gxh6 20. Ne5 Re7 21. Nxd7
Qc7+ 22. g3 Rc8 23. Nf6+ Kg7 24. Nh5+ Kf8 25. Rac1 f5 26. Qf4 Qxf4 27. Nxf4 Kf7 28.
Rd6 Rb8 29. Re1 e5 30. Nd5 Re6 31. Rd7+ Kg6 32. Nf4+ Kf6 33. Nxe6 Kxe6 34. Rh7 Kd5
35. Rxh6 Re8 36. Rxb6 e4 37. Rxa6 Kc4 38. Rc6+ Kd3 39. Re3+ Kc2 40. c4 Rd8 41. b5
Rd3 42. Rxd3 exd3 43. b6 Kd2 44. b7 Ke2 45. b8=Q Kf3 46. Qf4+ Ke2 47. Qe3+ Kf1 48.
Rb6 d2 49. Rb1+ d1=Q 50. Rxd1#  1-0

[Event "British Chess Championships 2023: U12 Championship"]
[Site "The Venue, De Montfort University, 20 Western Boulevard, Leicester, LE2 7BU"]
[Date "2023.07.28"]
[Round "5"]
[Board "8"]
[White "Lukhi, Neev"]
[Black "Gunarathne, Senith"]
[Result "0-1"]
[WhiteElo "1588"]
[BlackElo "1460"]
[PlyCount "0"]
[EventDate "2023.07.25"]
[EventRounds "7"]
[EventCountry "ENG"]

1. d4 Nf6 2. Bf4 g6 3. e3 Bg7 4. c3 d6 5. Nf3 Nbd7 6. h3 a5 7. Be2 c6 8. O-O O-O
9. Nbd2 Qe8 10. Bh2 e5 11. Nc4 Qe7 12. dxe5 dxe5 13. Ncxe5 Nxe5 14. Nxe5 Rd8 15.
Qc2 Bf5 16. Bd3 Rxd3 17. Nxd3 Rd8 18. Rad1 Qd7 19. Nb4 Bxc2 20. Rxd7 Rxd7 21. Nxc2
Rd2 22. Rc1 Ne4 23. f3 Nc5 24. Bg3 Nd3 25. Be1 Nxe1 26. Nxe1 Rxb2 27. Rc2 Rxc2 28.
Nxc2 Bxc3 29. Kf2 b5 30. Ke2 b4 31. Kd3 Kf8 32. Kc4 Ke7 33. a3 c5 34. e4 Ke6 35.
Ne3 Bd4 36. Nc2 Ke5 37. axb4 axb4 38. Nxb4 cxb4 39. Kxb4 Kf4 40. Kc4 Be5 41. Kd5
f6 42. g4 Kxf3 43. g5 Kf4 44. h4 Kg4 45. Ke6 fxg5 46. hxg5 Bf4 47. Kd5 Kxg5 48. Kd4
h5 49. Kd3 Kf6 50. Ke2 Ke5 51. Kf3 g5 52. Kg2 Kxe4 53. Kh1 g4 54. Kg1 g3 55. Kg2
h4 56. Kh1 Kf3 57. Kg1 Be3+ 58. Kh1 g2+ 59. Kh2 g1=Q+ 60. Kh3 Qh1  0-1

[Event "British Chess Championships 2023: U12 Championship"]
[Site "The Venue, De Montfort University, 20 Western Boulevard, Leicester, LE2 7BU"]
[Date "2023.07.28"]
[Round "5"]
[Board "9"]
[White "Lebedev, Lion"]
[Black "Burnside, Aidan"]
[Result "1-0"]
[WhiteElo "1719"]
[BlackElo "1345"]
[PlyCount "0"]
[EventDate "2023.07.25"]
[EventRounds "7"]
[EventCountry "ENG"]

1. e4 e5 2. Nf3 Nc6 3. Bb5 a6 4. Ba4 b5 5. Bb3 Nf6 6. O-O Bc5 7. Nxe5 Nxe5 8. d4
Bxd4 9. Qxd4 d6 10. c3 c5 11. Qd1 Qb6 12. Bf4 O-O 13. Bc2 Bb7 14. Re1 Rfe8 15. Nd2
h6 16. Nf1 Ng6 17. Qxd6 Qxd6 18. Bxd6 Nxe4 19. Bxe4 Rxe4 20. Rxe4 Bxe4 21. Re1 Bc6
22. Bxc5 Nf4 23. Rd1 Nxg2 24. Rd6 Rc8 25. b4 Nf4 26. Ng3 Bf3 27. Kf1 Re8 28. Be3
Ng2 29. Rxa6 Nxe3+ 30. fxe3 Rxe3 31. Rb6 Rxc3 32. Rxb5 Rc2 33. a4 h5 34. a5 h4 35.
Rb8+ Kh7 36. Nf5 Be2+ 37. Ke1 Rb2 38. Nxh4 Bd3 39. Nf3 f6 40. Nd4 f5 41. Rb6 g6 42.
Ne6 Kh6 43. Nf4 Bc4 44. Rxg6+ Kh7 45. Rb6 Rxh2 46. a6 Ra2 47. Rb7+ Kh6 48. a7 Kg5
49. Nh3+ Kg4 50. Ng1 Kg3 51. Rg7+ Kf4 52. Nh3+ Kf3 53. Ng5+ Ke3 54. Re7+ Kf4 55.
Nf7 Bxf7 56. Rxf7 Ke3 57. Kf1 Kf4 58. b5 Ke5 59. b6 Ra1+ 60. Kg2 Kf4 61. b7 Ra2+
62. Kh3 Rxa7 63. b8=Q+  1-0